000 00289nam a22001337a 4500
008 180921b xxu||||| |||| 00| 0 eng d
020 _a9780534355845
041 _aeng
080 _a316
100 _a50
101 _aSOC
245 _aCultural Diversity
_cDiller, J.V
942 _2udc
_cBK
999 _c48188
_d48188